[Event "Copenhagen BSF"]
[Site "Copenhagen"]
[Date "1995.??.??"]
[Round "9"]
[White "Mortensen, Erling"]
[Black "Leko, Peter"]
[Result "0-1"]
[WhiteElo "2500"]
[BlackElo "2555"]
[Annotator "Leko,P"]
[PlyCount "104"]
[EventDate "1995.03.??"]
[EventType "tourn"]
[EventRounds "11"]
[EventCountry "DEN"]
[EventCategory "12"]
[SourceTitle "CBM 046"]
[Source "ChessBase"]
[SourceDate "1995.06.01"]
[SourceVersion "1"]
[SourceVersionDate "1995.06.01"]
[SourceQuality "1"]

1. e4 {Hansen,Cu} e5 2. Nf3 Nc6 3. Bb5 a6 4. Ba4 Nf6 5. O-O Be7 6. Qe2 b5 7.
Bb3 O-O 8. c3 d5 9. d3 Bb7 10. Nbd2 Re8 (10... h6 {Hansen,Cu} 11. Rd1 Re8 12.
exd5 Nxd5 13. Nxe5 Nxe5 14. Qxe5 Bd6 15. Qf5 Nf6 16. Ne4 Bxe4 17. dxe4 Rxe4 18.
Be3 $14 {Mortensen,E-Brinck Claussen,B/DEN-ch/1991/}) (10... Qd7 {Hansen,Cu}
11. Rd1 Rfe8 12. Nf1 h6 13. Ng3 Bf8 14. Nh4 g6 15. Qf3 Qd8 16. Qe2 Na5 17. Bc2
c5 18. Nf3 Qc7 $10 {Golod,V-Renner,C/Berlin Summer op/}) 11. a3 (11. a4 {
Hansen,Cu} Bf8 12. Re1 Na5 13. Bc2 c5 14. axb5 axb5 15. exd5 Nxd5 16. Nf1 Qc7
17. Bd2 g6 18. h4 c4 19. h5 cxd3 20. Bxd3 e4 21. hxg6 hxg6 22. Bxe4 Nf6 23.
Bxb7 Rxe2 24. Bxa8 Rxe1 25. Bxe1 Nb3 $17 {Bilek,I-Benko,P/Amsterdam izt/1964/})
11... Bf8 12. Ba2 $6 (12. Re1) (12. exd5 {Hansen,Cu} Nxd5 13. Ne4 Qd7 14. Re1
Rad8 15. Bg5 Be7 16. Rad1 h6 (16... Qg4 17. h3 Qh5 18. Ba2 h6 19. Bd2 Qg6 20.
Ng3 Bf8 21. d4 Nf4 22. Qf1 e4 23. Nh4 Qf6 24. Bxf4 Qxf4 25. Ng6 Qd6 26. Nxf8
Qxf8 27. d5 Ne7 28. d6 Rxd6 29. Rxd6 cxd6 30. Nxe4 $14 {Short,N-Almasi,Z/Wijk/
1995/}) 17. Bc1 Nf4 18. Bxf4 exf4 19. d4 Bf8 20. Qd3 Be7 21. Ba2 Qf5 22. Re2
Bc8 23. Rde1 Be6 24. Bxe6 fxe6 25. a4 $16 {Summerscale,A-Mannion,S/Irish Open/
1993/}) 12... Nb8 $1 (12... Qd7 {Hansen,Cu} 13. exd5 Nxd5 14. Ne4 Rad8 15. Nfg5
f6 16. Nh3 Kh8 17. Qh5 Bc8 18. f4 Qg4 19. Qxg4 Bxg4 20. Nhf2 Bc8 21. fxe5 Nxe5
$15 {Mortensen,E-Almasi,Z/Aarhus/1991/}) 13. Ng5 $6 {N} (13. b4 Nbd7 14. Bb2 c5
$15) (13. Re1 {Hansen,Cu} Nbd7 14. Nf1 c5 15. exd5 $6 (15. Ng3 {>=}) 15... Bxd5
16. Bxd5 Nxd5 17. Bd2 g6 18. Rad1 Bg7 19. h4 Nf8 20. h5 Qd7 21. hxg6 hxg6 22.
Qe4 Rac8 23. Qh4 f6 24. Ng3 (24. N1h2 {>=}) 24... Ne6 25. Ne4 Kf7 26. Qg4 {
Short,N-Timman,J/Amsterdam/1992/inf 54/332/} Red8 $17 {/\} 27. c4 $6 Ne7) (13.
exd5 {Hansen,Cu} Bxd5 14. c4 bxc4 15. Bxc4 Nc6 16. Re1 Bc5 17. Ne4 Nd4 18. Nxd4
Bxc4 19. Nc6 Bxd3 20. Nxd8 Bxe2 21. Nxc5 Rexd8 22. Bg5 Rd5 23. Rac1 Bh5 24.
Bxf6 gxf6 25. Ne4 $10 {Ye Jiangchuan-Xie Jun/Jakarta/1994/}) 13... h6 14. Nh3
c5 $1 (14... Nbd7 15. f4 $36) 15. f3 (15. f4 c4 $1 (15... exf4 16. e5 Nc6 17.
Nf3 $13) 16. fxe5 (16. exd5 $2 cxd3 17. Qxd3 e4 $17) 16... cxd3 17. Qxd3 Rxe5
$15) 15... Nbd7 16. Kh1 (16. Nf2 Qc7 17. Ng4 Rad8 $15) 16... c4 17. Nf2 (17.
dxc4 dxc4 18. Rd1 (18. b3 cxb3 19. Nxb3 Rc8 (19... Nb6 20. Na5) 20. Bb2 Nb6 21.
Na5 Ba8 $17) 18... Qc7 19. Nf2 Nc5 20. Nf1 Nh5 $15) 17... Nc5 (17... Qc7 $5)
18. exd5 (18. d4 $2 exd4 19. cxd4 dxe4 $1 20. dxc5 exf3 $19) (18. dxc4 {
Hansen,Cu} dxc4 $17 {><d3, ץc1,צa1,ץa2}) 18... cxd3 (18... Nxd5 $2 19. dxc4
Nf4 20. Qe3 (20. Qe1 $5) 20... Qg5 21. g3 Nfe6 22. Nde4 Qxe3 23. Bxe3 f5 24.
Nxc5 Bxf3+ 25. Kg1 Bxc5 26. Bxc5 Nxc5 27. cxb5+ $16) 19. Nxd3 Nxd3 (19... Nxd5
$6 20. Nxc5 Bxc5 21. Ne4 $13) (19... Bxd5 20. Bxd5 Qxd5 21. Nxc5 Bxc5 22. Ne4
$10) 20. Qxd3 Bxd5 $1 21. Ne4 $2 (21. Bxd5 Qxd5 22. Qe2 $1 $15 (22. Qxd5 Nxd5
$17)) 21... Bxa2 $1 (21... Bxe4 22. Qxd8 Raxd8 23. fxe4 Rd7 (23... Be7 $5) 24.
Bxh6 Nxe4 25. Rae1 $1 $13 (25. Be3 Bc5 $15)) 22. Qxd8 Raxd8 23. Nxf6+ (23. Rxa2
{Hansen,Cu} Nd5 {/\f7-f5}) 23... gxf6 24. Rxa2 Rd3 $1 $17 {X Bc1,Ra2} 25. Ra1 (
25. a4 Red8 $1 26. axb5 Rd1 $19) 25... Red8 (25... h5 26. Re1 Bc5 27. Bf4 Red8
28. Bg3 Rd2 29. b4 Bf2 30. Bxf2 Rxf2 31. a4 Rdd2 32. Rg1 h4 33. h3 $17) 26. g4
(26. Re1 Bc5 $1 (26... f5 {Hansen,Cu} 27. Be3 (27. f4 $5 $15 e4 28. Be3) (27.
Kg1 $15) 27... f4 28. Bb6 R8d5 $15) 27. b4 (27. Bxh6 Kh7 28. Bc1 Rd1 $19) 27...
Bf8 $19) 26... Kg7 27. Kg2 f5 $1 $19 28. gxf5 (28. h3 f4 $1 29. Kf2 Bc5+ 30.
Ke2 Be3 $19) 28... Kf6 29. Re1 (29. a4 b4 30. cxb4 Bxb4 31. Bxh6 Rh8 32. Bc1
Rg8+ 33. Kh1 Kxf5 $19 (33... Bc5 $19)) 29... Bc5 30. Bxh6 Rh8 31. b4 (31. Rxe5
$2 Rg8+ $19) (31. Bc1 {Hansen,Cu} Rg8+ (31... Kxf5 32. Rf1 $17) 32. Kh1 Rxf3
$17) 31... Bb6 32. Bc1 (32. Rad1 $2 Rxd1 33. Rxd1 Rxh6 34. Rd6+ Kg5 35. h4+ Kh5
$19) 32... Rxc3 33. Ra2 Rg8+ 34. Kh1 Rxf3 35. a4 (35. Bb2 Re3 $19) 35... Kxf5
36. axb5 axb5 37. Rae2 Bd4 38. Bb2 Bxb2 39. Rxb2 Rg4 40. Rc1 Rff4 41. Rcb1 Ke6
42. h3 Rg3 43. Rb3 Rf1+ 44. Kh2 Rxb1 45. Rxb1 Rg8 46. Rc1 e4 47. Rc6+ Ke5 48.
Rc5+ Kf4 49. Rxb5 e3 50. Rb7 f5 51. Re7 Kf3 52. h4 e2 0-1

[Event "Nanjing Pearl Spring 1st"]
[Site "Nanjing"]
[Date "2008.12.14"]
[Round "4"]
[White "Svidler, Peter"]
[Black "Aronian, Levon"]
[Result "1/2-1/2"]
[WhiteElo "2727"]
[BlackElo "2757"]
[Annotator "Marin,M"]
[PlyCount "95"]
[EventDate "2008.12.11"]
[EventType "tourn"]
[EventRounds "10"]
[EventCountry "CHN"]
[EventCategory "21"]
[SourceTitle "CBM 128"]
[Source "ChessBase"]
[SourceDate "2009.01.28"]
[SourceVersion "1"]
[SourceVersionDate "2009.01.28"]
[SourceQuality "1"]

1. e4 e5 2. Nf3 Nc6 3. Bb5 a6 4. Ba4 Nf6 5. O-O Be7 6. Qe2 {Over the past
years, White has employed several methods of avoiding the Marshall Attack.
Personally, I am not impressed by the systems based on Qe2 (the so-called
Worrall Attack). By developing the queen at a moment when all the queenside
pieces are in their initial positions is a premature commitment.} b5 7. Bb3 O-O
8. c3 Re8 $5 {A rarely seen and rather creative way of putting Her Majesty
under pressure.} ({The approved continuation is} 8... d6 {, when White has to
make some concessions if he wants to get some sort of closed variation of the
Ruy Lopez:} 9. Rd1 (9. d4 Bg4 10. d5 Na5 11. Bc2 c6 12. h3 Bxf3 13. Qxf3 cxd5
14. exd5 Rc8 {would lead to a theoretical position of the Yates variation,
White being a whole tempo down (missing Re1). This is one of the most clear
illustrations of the drawbacks of the move Qe2.}) 9... Na5 10. Bc2 c5 11. d4
Qc7 {and, unfortunately, White cannot continue the normal course of his
development with 12.Nbd2 because after 12...cxd4 the c2-bishop would be
hanging. Finally, after} 12. d5 Bd7 13. Nbd2 {Black can play} Nh5 $1 {, when
the exposed position of the queen makes} 14. Nxe5 $2 {impossible because of}
Nf4 {[%cal Gd6e5]}) 9. d4 Bf8 {Of course, Black should consolidate his central
pawn.} ({Here is an example in which a strong player of the past went down
quickly:} 9... exd4 $6 10. e5 (10. cxd4 d5 11. e5 Ne4 $132) 10... Bc5 ({
The imaginative piece sacrifice} 10... dxc3 11. exf6 Bxf6 12. Qc2 Nb4 13. Bxf7+
Kxf7 14. Qb3+ d5 15. Qxb4 a5 16. Qf4 $36 {is not entirely satisfactory because
of the exposed position of the black king.}) 11. Qd3 Ng4 12. Ng5 $40 {Sergeant,
E-Steiner,L/Hastings 1927/EXT 99 (1-0, 25). with a winning attack.}) 10. d5 {
This looks like a premature release of the tension in the centre. True, the
opposition of the white queen and the black rook is unpleasant.} (10. Nbd2 $6
d5 $1 $15) (10. Ng5 $6 d5 11. exd5 exd4 12. Qd3 Na5 13. Bc2 g6 $15 {These two
moves are hardly satisfactory for White.}) ({The only way to maintain the
tension would be} 10. Bg5 {, when Black would have to weaken his kingside in
order to set up some play along the e-file.} h6 (10... exd4 $6 11. cxd4 h6 12.
Bxf6 Qxf6 {Horner,J (2395)-Morrison,C/Ayr 1978/EXT 1999 (1-0, 24)} 13. e5 $36)
11. Bh4 exd4 (11... Bb7 12. Nbd2 Qe7 13. Rfe1 {keeps the centre intact.}) 12.
e5 (12. cxd4 g5 13. Bg3 Rxe4) 12... d3 13. Qe3 $5 d5 14. Re1 $44 {Black is
well developed, but after a further Bxf6, forcing ...gxf6, the position would
remain double-edged.}) 10... Na5 $146 {This logical move is, at least strictly
speaking, a novelty.} ({The passive} 10... Nb8 $2 {had been played in a game
between lower rated players, Kaiser,M (2062)-Bernatzki,W (1642)/Berlin 2005/
EXT 2007 (1-0, 41)}) 11. Bc2 c6 {The most ambitious answer, undermining
White's centre.} (11... c5 {would also have been playable.} 12. Nbd2 {[%csl
Ga5]} (12. Bg5 Nc4 $11) 12... Qc7 13. b3 Nh5 {. Having maintained the d-pawn
on its initial position, Black has avoided the unpleasant threat of b4.}) 12.
Bg5 (12. dxc6 {is rather unambitious.} dxc6 (12... Nxc6 {[%cal Gd7d5] leads to
more interesting play, but the weaknesses along the d-file may outweigh
Black's slight lead in development after} 13. Rd1 h6 14. Nbd2) 13. Rd1 Qc7 14.
Bg5 Be7 15. Nbd2 h6 16. Bh4 c5) 12... h6 13. Bh4 cxd5 14. exd5 g5 15. Bg3 d6 {
Black is well developed and has a threatening kingside majority. Besides, the
g3-bishop is out of play, at least temporarily. However, the weakness of the
b1-h7 diagonal offers White chances for counterplay.} 16. Nbd2 Bg4 17. h3 Bh5 {
This bishop is ready to neutralize the pressure of his white counterpart.} 18.
Ne4 Rc8 19. a4 {Rather careless. Weakening the b3-square hands over the
initiative to Black.} (19. Rfe1 $5 Bg6 (19... Nxd5 20. Qd3 $40) 20. Nxf6+ (20.
Rad1 $2 Nxe4 21. Bxe4 f5 $17) 20... Qxf6 21. Bxg6 (21. Nh2 h5 22. Nf1 e4) 21...
Qxg6 22. a4 Nb3 23. Ra3 bxa4 24. Rxa4 Nc5 25. Ra3 {offers White reasonable
queenside counterplay.}) 19... Nxe4 $1 20. Qxe4 ({The problem with the
generally desirable} 20. Bxe4 {is that it allows} Nb3 21. Ra3 bxa4 22. Rxa4 Nc5
$15 {and White will find it impossible to maintain the black majority blocked.}
) 20... Bg6 21. Qe2 Bxc2 22. Qxc2 b4 $1 $15 {Instead of coherent counterplay,
White will have only weaknesses on the queenside.} 23. Nd2 bxc3 24. bxc3 Nc4
25. Rfb1 Qc7 $6 {Slightly careless.} ({Black's desire to include the queen
into the attack is understandable, but by pressing against the c3-pawn alone
his initiative is less dangerous.} 25... Qa5 $5 {would have been an improved
version, by attacking the d5-pawn, too.} 26. Ne4 Bg7 27. Rb4 (27. Rd1 f5) 27...
Qxd5 28. Rd1 Qe6 29. Rxc4 Rxc4 30. Nxd6 e4 31. Nxc4 Qxc4 $15) (25... Bg7 $15)
26. Ne4 $1 Bg7 27. Bh2 $1 {White gets an essential tempo to consolidate on the
light squares.} Qa5 (27... f5 28. Ng3 f4 29. Ne4 {[%cal Gg1h1,Gh2g1,Gf2f3] may
become very good for White.}) 28. Rd1 Rb8 29. Qe2 Qc7 30. g4 $36 Rb2 31. Qd3
Reb8 32. Bg3 R2b6 33. Qf3 {White's play is easier already. The e4-knight
defends the c3-pawn and keeps the enemy kingside under serious pressure.} Na5
34. h4 Nb3 35. hxg5 $5 {This will eventually lead to a draw.} (35. Rab1 Nd4 $1
$15) (35. Ra2 Nc5 $15 {exchanges the strong knight.}) (35. a5 $5 {would have
prevented the exchange of the e4-knight after} Rb5 36. Ra4 Nc5 37. Rc4 $1 $36)
35... Nxa1 36. gxh6 Bxh6 37. Rxa1 Rb1+ 38. Rxb1 Rxb1+ 39. Kg2 Bg7 40. Bh4 $44
Re1 41. Qf5 Rxe4 42. Qxe4 Qxc3 43. Be7 Bf8 44. Bg5 Qb3 45. Bf6 Bg7 46. Be7 Bf8
47. Bf6 Bg7 48. Be7 1/2-1/2

[Event "Ankara FIDE GP (Women)"]
[Site "Ankara"]
[Date "2012.09.17"]
[Round "2"]
[White "Munguntuul, Batkhuyag"]
[Black "Muzychuk, Anna"]
[Result "1/2-1/2"]
[WhiteElo "2434"]
[BlackElo "2606"]
[Annotator "Mikhalchishin,A"]
[PlyCount "81"]
[EventDate "2012.09.16"]
[EventType "tourn"]
[EventRounds "11"]
[EventCountry "TUR"]
[EventCategory "10"]
[SourceTitle "CBM 151"]
[Source "ChessBase"]
[SourceDate "2012.11.13"]
[SourceVersion "1"]
[SourceVersionDate "2012.11.13"]
[SourceQuality "1"]

1. e4 e5 2. Nf3 Nc6 3. Bb5 a6 4. Ba4 Nf6 5. O-O Be7 6. Qe2 b5 7. Bb3 O-O 8. c3
d5 $1 {Nowadays everybody tries to treat the Spanish actively in a Marshall
way!} 9. d3 Bb7 10. Nbd2 Re8 11. a3 Qd7 12. Re1 Bf8 13. Ba2 h6 (13... Rad8 14.
Nf1 h6 15. Ng3 d4 16. Rd1 dxc3 17. bxc3 Na5 18. Bb2 c5 19. Nf5 Qc7 20. Ne3 c4
21. dxc4 Rxd1+ 22. Rxd1 bxc4 23. Nd2 Nxe4 24. Nxe4 Bxe4 25. Nxc4 {Tiviakov,S 
(2662)-Karjakin,S (2720)/Wijk aan Zee 2010; and here some advantage for Black
is guaranted.} Nxc4 26. Bxc4 Qc6 27. f3 Bg6 28. Bxa6 Rb8 29. Ba1 Bxa3) 14. exd5
Nxd5 15. Ne4 Kh8 (15... Nf4 16. Bxf4 exf4 17. Qd2 Qf5 18. h3 (18. Re2 Ne5 19.
Nxe5 Rxe5 20. f3 Re7 (20... c5 $5) 21. b4 Bd5 22. Rae1 Bxa2 23. Qxa2 a5 24. Qd2
$11 {Reinderman,D (2533)-Van der Werf,M (2389)/Wijk aan Zee 2008}) 18... Ne5
19. Nxe5 Rxe5 20. f3 Rd8 21. Nf2 Rde8 22. Ng4 Rxe1+ 23. Rxe1 Rxe1+ 24. Qxe1 Bd5
25. Bxd5 Qxd5 26. Qe2 c5 {Shchekachev,A (2505)-Ibragimov,I (2554)/Moscow 1999;
with no problems for Black.}) 16. Nfg5 f6 $6 {A risky new way.} ({The simple} 
16... Nd8 {was possible.}) (16... f5 {led to an immediate draw:} 17. Qh5 fxe4
18. dxe4 Nf6 19. Nf7+ Kh7 20. Ng5+ Kh8 21. Nf7+ $11) 17. Nf3 Nd8 ({A material
change of the position was possible:} 17... Rad8 18. Bxh6 gxh6 19. Bxd5 Qxd5
20. Nxf6 Qf7 21. Nxe8 Rxe8 {which we can evaluate as slightly better for White.
}) 18. Nh4 ({A better chance for attack was to drive the knight from the
centre with} 18. c4 Nb6 19. Nh4 Ne6 20. cxb5 axb5 21. Ng6+ Kh7 22. Qh5 {
with some unpleasant threats.}) 18... Ne6 ({It would be necessary to sacrifice
a pawn after} 18... Qf7 19. f4 f5 20. Ng3 Ne6 21. fxe5 g6 22. Qf2) 19. Qg4 ({
The positional} 19. g3 {was slightly too slow.}) 19... Qf7 20. Qf5 ({Some
players would change the course of the game with} 20. a4 $5) 20... Rad8 21.
Ng6+ ({Once more there was the opportunity to start bothering Anna on the
other side:} 21. a4 $1 {Such changes of the course of the game or opening of
the second front are very powerful strategic weapons.}) 21... Kg8 22. Bxh6 $2 (
{Now Black would defend easily} 22. a4 bxa4 (22... Bc8 23. Nxf8 Rxf8 24. Qf3
Kh8 25. axb5 axb5 26. Bd2 Qg6) 23. Bd2 Bc8 24. Nxf8 Rxf8 25. Qf3 Qd7 26. Rad1
Kh8 {with a very complicated position.}) ({But there was the much more
positional} 22. Be3 Bc8 23. Nxf8 Rxf8 24. Qf3 Nxe3 25. Rxe3 Kh8 26. b4 $1 {
trying to obtain control over the important c5-square.}) 22... Bc8 $1 23. Nxf8
Rxf8 (23... Kxf8 {was wrong:} 24. Bd2 Nd4 25. Qh7 Bf5 26. Qh8+ Ke7 27. Qh4 Nc2
28. c4 $1) 24. Qf3 ({After} 24. Nxf6+ Qxf6 25. Qxf6 Rxf6 26. Rxe5 gxh6 ({
probably better would be} 26... Nxc3 $5 27. Bg5 Nxa2 28. Bxf6 gxf6 29. Re3 Nf4
30. Rxa2 Nxd3 31. h4 c5) 27. Rxd5 Rxd5 28. Bxd5 Kf8 29. d4 Nf4 30. Be4 {
White would have three pawns for the knight but no chances to play for a win.})
24... gxh6 25. Bxd5 Rxd5 26. Nxf6+ Qxf6 27. Qxd5 Qxf2+ 28. Kh1 Qf5 $2 ({
It was necessary to fight for the material with} 28... Qxb2 29. a4 bxa4 30.
Rxa4 Qxc3 31. Rae4 Qc5 32. Qxe5 Qxe5 33. Rxe5 Nf4 {with winning chances.}) 29.
Qxe5 Qxe5 ({The computer recommends taking every pawn:} 29... Qxd3 30. Rad1 Qg6
31. Re3 {but humans are concerned about their own king and prefer to reduce
the danger by exchanging queens in such situations.}) 30. Rxe5 Rf2 31. b3 ({
Possibly slightly better would be} 31. b4) 31... Kf7 32. Kg1 Rc2 (32... Rb2 {
was better}) 33. Rf1+ Ke7 34. d4 Kd6 (34... Rxc3 {was very dangerous:} 35. d5
Kd6 36. Rh5 Ng7 37. Rf6+ Ke7 38. Rhxh6 Rxb3 39. Rc6 Ne8 40. d6+ Kd7 41. dxc7
Rxa3 42. Rc1 Re3 43. Rh7+ Kd6 44. Kf2 Re6 45. g4 {and the evaluation is not
clear at all!}) 35. Re3 Bb7 {Now White has an option to threaten an exchange
of rooks, which is not acceptable for Black - in this case the remaining white
rook would be more powerfull than Black's bishop and knight.} 36. Rf2 Rc1+ 37.
Rf1 Rc2 38. Rf2 Rc1+ 39. Rf1 Rc2 40. Rf2 Rc1+ 41. Rf1 {A good end to an
extremely hard fought game!} 1/2-1/2

[Event "Budapest FS05 GM"]
[Site "Budapest"]
[Date "1995.??.??"]
[Round "3"]
[White "Wallace, John Paul"]
[Black "Lukacs, Peter"]
[Result "1-0"]
[WhiteElo "2345"]
[BlackElo "2490"]
[Annotator "Rogers,I"]
[PlyCount "77"]
[EventDate "1995.05.??"]
[EventType "tourn"]
[EventRounds "11"]
[EventCountry "HUN"]
[EventCategory "9"]
[SourceTitle "CBM 047 Extra"]
[Source "ChessBase"]
[SourceDate "1995.09.01"]
[SourceVersion "1"]
[SourceVersionDate "1995.09.01"]
[SourceQuality "1"]

1. e4 e5 2. Nf3 Nc6 3. Bb5 a6 4. Ba4 Nf6 5. Qe2 $5 ({Against a great expert on
the Ruy Lopez, the main line with} 5. O-O {would be playing into Lukacs' hands.
}) 5... b5 6. Bb3 Be7 7. a4 Bb7 8. c3 O-O 9. O-O d5 10. d3 Re8 11. Rd1 b4 12.
a5 h6 13. Nbd2 Bf8 14. Nf1 Nb8 $5 15. Ne3 c6 16. Nf5 Nbd7 17. cxb4 $5 {A
radical attempt to drag Black's bishop away from its defensive post on f8 and
allow White to sacrifice on h6.} Rb8 $5 18. N3h4 Ba8 19. Qf3 $1 g5 $6 ({
"A real shocker," commented Wallace.} 19... Rxb4 {was, in retrospect, stronger
but, by forcing the ensuing sacrifice, Lukacs - and most of the spectators
-believed Black was gaining the advantage.}) {Diagram [#]} 20. Nxh6+ $1 Bxh6
21. Nf5 Kh7 22. Nxh6 $1 Kxh6 23. h4 Kg7 24. hxg5 Nh7 25. Bd2 {"At first I did
not believe in my position but after I had a chance to get my bearings I
realised that, although I had no immediate threats, I had excellent long-term
compensation [for the piece]." - Wallace} Nc5 $1 ({Far better than} 25... Nxg5
26. Qg4 f6 27. g3 {/\28.f4}) 26. bxc5 Rxb3 27. Ra3 $1 Rxa3 28. bxa3 Bb7 29. Qh5
Re6 $2 {The rook proves to be misplaced here.} (29... Bc8 {would have left the
issue far from clear.}) 30. g3 Qe7 31. Be3 d4 $2 32. Bd2 Qxc5 33. f4 $1 {
Black's unwise pawn grab has closed the centre and given White time to set up
an unstoppable pawn roller.} exf4 34. gxf4 Qd6 35. Kf2 $1 Re8 36. f5 Rh8 37.
Rh1 c5 38. Rh4 $1 Bc8 39. Bf4 {Black cannot reasonably prevent 40.Be5+.} 1-0

[Event "Morelia op 2nd"]
[Site "Morelia"]
[Date "2007.02.16"]
[Round "3"]
[White "Tiviakov, Sergei"]
[Black "Norgaard, Jesper"]
[Result "1-0"]
[WhiteElo "2667"]
[BlackElo "2434"]
[Annotator "Sadler,M"]
[PlyCount "109"]
[EventDate "2007.02.15"]
[EventType "swiss"]
[EventRounds "7"]
[EventCountry "MEX"]
[SourceTitle "CBM 116 Extra"]
[Source "ChessBase"]
[SourceDate "2007.03.07"]
[SourceVersion "1"]
[SourceVersionDate "2007.03.07"]
[SourceQuality "1"]

1. e4 e5 2. Nf3 Nc6 3. Bb5 a6 4. Ba4 Nf6 5. O-O Be7 6. Qe2 b5 7. Bb3 d6 8. c3
O-O 9. Rd1 Na5 10. Bc2 c5 11. d4 Qc7 12. d5 c4 13. b4 Nb7 14. a4 Bd7 15. h3 Qc8
16. Be3 Ne8 17. Nbd2 g6 {[#]Here Sergey explains with a smile that he really
wanted to take on b5 and play Ba7 just like his great hero Karpov! However,
since White has not yet exchanged on b5, he doesn't have to be as elaborate as
Karpov: he can simply double up behind the pawn on a4.} 18. Ra3 Ng7 19. Rda1
Rb8 20. Nf1 Nd8 21. axb5 axb5 22. Ra7 f6 23. R1a6 Nf7 24. Rb6 Rxb6 25. Bxb6 Bd8
26. Qe3 Qb8 27. Ba5 Bc8 28. Ng3 Re8 29. Bxd8 Rxd8 30. Nh2 Rd7 31. Ra5 Rb7 32.
Bd1 {[#]The same idea as Karpov: exchanging the light-squared bishop via the
d1-h5 diagonal, this time to weaken Black's grip on his queenside squares.} Rb6
33. Bg4 Rb7 34. Qf3 Ne8 35. Bxc8 Qxc8 36. Ng4 Kg7 37. h4 Qb8 (37... h5 38. Ne3)
38. h5 Qc8 {[#]And here we get the additional practical dimension that I
talked about. Sergey explains that Black has defended well and that it isn't
possible to break through directly. So Sergey begins to manoevre around
without any clear direction to 'make the opponent fall asleep'! He explains
this very well in the rest of this video, and you see how Black loses his
concentration a couple of times, which is enough to lose the game.} 39. Ne3 Nc7
40. Ng4 Ne8 41. Ra6 Qd8 42. Kh2 Qc8 43. Kh1 Qd8 44. Ne3 Qc8 45. Qe2 Nc7 46. Ra5
Rb6 47. Ng4 Ra6 48. Qf3 Qd8 49. Qe3 Ng5 50. f3 Qd7 51. Kg1 Qc8 52. Kh2 Qd7 53.
Qf2 Qc8 {The final mistake.} 54. Rxa6 Nxa6 (54... Qxa6 {allows Karpov's break
f4 with maximum effect:} 55. f4 exf4 56. Qxf4 Ne8 57. Nxf6 Nxf6 58. Qxg5) 55.
Qb6 {Black cannot hold b5 and d6.} 1-0